00685nam a2200229 a 4500001001300000003000900013005001700022008004100039020001000080082001400090245002500104260004400129300000900173500003500182505001700217650003400234710003000268902000800298942000700306952012700313999001500440nice12345678IN_TiNIC20260116013001.0050524s1983 gena grp 000 0 eng  ac10000a206bWCC4 aNairobi to Vancouver aGenevabWorld Council of Churchesc1983 a238p aincludes index and biblioraphy2 aAbbriviation aVancouver Conference 1983-Wcc2 aWorld Council of Churches bSRS cBK 001040708StackRoom-aHMIbHMId2007-06-14g100.00l1o206 WCC4p011657r2017-10-05s2017-10-03v100.00w2005-05-24yBK c9164d9164